Pick The Songs - Iron Maiden - Statistics

General Stats
  • This quiz has been taken 198 times
  • The average score is 111 of 125
Answer Stats
Question Tile Select % Correct
Pick the songs that appear on The Number of the Beast Flash of the Blade No
99%
Pick the songs that appear on The Number of the Beast Alexander the Great No
98%
Pick the songs that appear on The Number of the Beast Can I Play With Madness No
98%
Pick the songs that appear on The Number of the Beast Die With Your Boots On No
98%
Pick the songs that appear on The Number of the Beast Flight of Icarus No
98%
Pick the songs that appear on The Number of the Beast Only the Good Die Young No
98%
Pick the songs that appear on The Number of the Beast Rime of the Ancient Mariner No
98%
Pick the songs that appear on The Number of the Beast Sea of Madness No
98%
Pick the songs that appear on The Number of the Beast Stranger in a Strange Land No
98%
Pick the songs that appear on The Number of the Beast The Clairvoyant No
98%
Pick the songs that appear on The Number of the Beast The Duellists No
98%
Pick the songs that appear on The Number of the Beast The Evil That Men Do No
98%
Pick the songs that appear on The Number of the Beast Wasted Years No
98%
Pick the songs that appear on The Number of the Beast 2 Minutes to Midnight No
97%
Pick the songs that appear on The Number of the Beast Aces High No
97%
Pick the songs that appear on The Number of the Beast Infinite Dreams No
97%
Pick the songs that appear on The Number of the Beast Heaven Can Wait No
96%
Pick the songs that appear on The Number of the Beast Quest for Fire No
96%
Pick the songs that appear on The Number of the Beast The Trooper No
96%
Pick the songs that appear on The Number of the Beast Where Eagles Dare No
96%
Pick the songs that appear on The Number of the Beast Hallowed Be Thy Name Yes
95%
Pick the songs that appear on Piece of Mind 22 Acacia Avenue No
94%
Pick the songs that appear on Piece of Mind Can I Play With Madness No
94%
Pick the songs that appear on Piece of Mind Children of the Damned No
94%
Pick the songs that appear on Piece of Mind Gangland No
94%
Pick the songs that appear on Piece of Mind Hallowed Be Thy Name No
94%
Pick the songs that appear on Piece of Mind Rime of the Ancient Mariner No
94%
Pick the songs that appear on Piece of Mind Run To The Hills No
94%
Pick the songs that appear on Piece of Mind Sea of Madness No
94%
Pick the songs that appear on Piece of Mind Stranger in a Strange Land No
94%
Pick the songs that appear on Piece of Mind The Evil That Men Do No
94%
Pick the songs that appear on Piece of Mind Wasted Years No
94%
Pick the songs that appear on Piece of Mind 2 Minutes to Midnight No
93%
Pick the songs that appear on Piece of Mind Alexander the Great No
93%
Pick the songs that appear on Piece of Mind Heaven Can Wait No
93%
Pick the songs that appear on The Number of the Beast Run To The Hills Yes
93%
Pick the songs that appear on Piece of Mind Aces High No
92%
Pick the songs that appear on Piece of Mind Infinite Dreams No
92%
Pick the songs that appear on Piece of Mind Only the Good Die Young No
92%
Pick the songs that appear on The Number of the Beast 22 Acacia Avenue Yes
91%
Pick the songs that appear on Piece of Mind Flash of the Blade No
91%
Pick the songs that appear on Piece of Mind The Clairvoyant No
91%
Pick the songs that appear on Powerslave 22 Acacia Avenue No
90%
Pick the songs that appear on Powerslave Children of the Damned No
90%
Pick the songs that appear on Powerslave Gangland No
90%
Pick the songs that appear on Powerslave Heaven Can Wait No
90%
Pick the songs that appear on Somewhere in Time Aces High No
89%
Pick the songs that appear on Powerslave Alexander the Great No
89%
Pick the songs that appear on Powerslave Hallowed Be Thy Name No
89%
Pick the songs that appear on Powerslave Infinite Dreams No
89%
Pick the songs that appear on Somewhere in Time Run To The Hills No
89%
Pick the songs that appear on Powerslave Run To The Hills No
89%
Pick the songs that appear on Somewhere in Time The Trooper No
89%
Pick the songs that appear on Powerslave The Trooper No
89%
Pick the songs that appear on Somewhere in Time Where Eagles Dare No
89%
Pick the songs that appear on Somewhere in Time 22 Acacia Avenue No
88%
Pick the songs that appear on Seventh Son of a Seventh Son 22 Acacia Avenue No
88%
Pick the songs that appear on Seventh Son of a Seventh Son Aces High No
88%
Pick the songs that appear on Seventh Son of a Seventh Son Alexander the Great No
88%
Pick the songs that appear on Powerslave Can I Play With Madness No
88%
Pick the songs that appear on Somewhere in Time Children of the Damned No
88%
Pick the songs that appear on Somewhere in Time Die With Your Boots On No
88%
Pick the songs that appear on Seventh Son of a Seventh Son Die With Your Boots On No
88%
Pick the songs that appear on Somewhere in Time Flight of Icarus No
88%
Pick the songs that appear on Powerslave Flight of Icarus No
88%
Pick the songs that appear on Seventh Son of a Seventh Son Flight of Icarus No
88%
Pick the songs that appear on Somewhere in Time Gangland No
88%
Pick the songs that appear on Somewhere in Time Hallowed Be Thy Name No
88%
Pick the songs that appear on Seventh Son of a Seventh Son Hallowed Be Thy Name No
88%
Pick the songs that appear on Powerslave Only the Good Die Young No
88%
Pick the songs that appear on Somewhere in Time Quest for Fire No
88%
Pick the songs that appear on Powerslave Quest for Fire No
88%
Pick the songs that appear on Seventh Son of a Seventh Son Run To The Hills No
88%
Pick the songs that appear on Somewhere in Time The Clairvoyant No
88%
Pick the songs that appear on Powerslave The Clairvoyant No
88%
Pick the songs that appear on Piece of Mind The Duellists No
88%
Pick the songs that appear on Somewhere in Time The Evil That Men Do No
88%
Pick the songs that appear on Powerslave The Evil That Men Do No
88%
Pick the songs that appear on Powerslave Wasted Years No
88%
Pick the songs that appear on Piece of Mind Where Eagles Dare Yes
88%
Pick the songs that appear on Somewhere in Time 2 Minutes to Midnight No
87%
Pick the songs that appear on Seventh Son of a Seventh Son 2 Minutes to Midnight No
87%
Pick the songs that appear on Somewhere in Time Can I Play With Madness No
87%
Pick the songs that appear on The Number of the Beast Children of the Damned Yes
87%
Pick the songs that appear on Seventh Son of a Seventh Son Children of the Damned No
87%
Pick the songs that appear on Powerslave Die With Your Boots On No
87%
Pick the songs that appear on Somewhere in Time Flash of the Blade No
87%
Pick the songs that appear on The Number of the Beast Gangland Yes
87%
Pick the songs that appear on Seventh Son of a Seventh Son Gangland No
87%
Pick the songs that appear on Somewhere in Time Only the Good Die Young No
87%
Pick the songs that appear on Somewhere in Time Rime of the Ancient Mariner No
87%
Pick the songs that appear on Seventh Son of a Seventh Son Rime of the Ancient Mariner No
87%
Pick the songs that appear on Powerslave Sea of Madness No
87%
Pick the songs that appear on Powerslave Stranger in a Strange Land No
87%
Pick the songs that appear on Seventh Son of a Seventh Son Stranger in a Strange Land No
87%
Pick the songs that appear on Somewhere in Time The Duellists No
87%
Pick the songs that appear on Seventh Son of a Seventh Son The Duellists No
87%
Pick the songs that appear on Piece of Mind The Trooper Yes
87%
Pick the songs that appear on Seventh Son of a Seventh Son The Trooper No
87%
Pick the songs that appear on Seventh Son of a Seventh Son Wasted Years No
87%
Pick the songs that appear on Powerslave Where Eagles Dare No
87%
Pick the songs that appear on Seventh Son of a Seventh Son Where Eagles Dare No
87%
Pick the songs that appear on Seventh Son of a Seventh Son Flash of the Blade No
86%
Pick the songs that appear on Seventh Son of a Seventh Son Quest for Fire No
86%
Pick the songs that appear on Somewhere in Time Alexander the Great Yes
85%
Pick the songs that appear on Piece of Mind Flight of Icarus Yes
85%
Pick the songs that appear on Somewhere in Time Infinite Dreams No
85%
Pick the songs that appear on Powerslave Rime of the Ancient Mariner Yes
84%
Pick the songs that appear on Powerslave Aces High Yes
83%
Pick the songs that appear on Seventh Son of a Seventh Son Heaven Can Wait No
82%
Pick the songs that appear on Seventh Son of a Seventh Son Sea of Madness No
82%
Pick the songs that appear on Piece of Mind Die With Your Boots On Yes
81%
Pick the songs that appear on Somewhere in Time Wasted Years Yes
81%
Pick the songs that appear on Somewhere in Time Stranger in a Strange Land Yes
80%
Pick the songs that appear on Seventh Son of a Seventh Son The Clairvoyant Yes
79%
Pick the songs that appear on Seventh Son of a Seventh Son The Evil That Men Do Yes
79%
Pick the songs that appear on Seventh Son of a Seventh Son Can I Play With Madness Yes
77%
Pick the songs that appear on Piece of Mind Quest for Fire Yes
77%
Pick the songs that appear on Powerslave 2 Minutes to Midnight Yes
75%
Pick the songs that appear on Seventh Son of a Seventh Son Infinite Dreams Yes
75%
Pick the songs that appear on Somewhere in Time Heaven Can Wait Yes
74%
Pick the songs that appear on Powerslave Flash of the Blade Yes
72%
Pick the songs that appear on Somewhere in Time Sea of Madness Yes
72%
Pick the songs that appear on Seventh Son of a Seventh Son Only the Good Die Young Yes
71%
Pick the songs that appear on Powerslave The Duellists Yes
71%
No matching quizzes found
Score Distribution
Percent of People with Each Score
Percentile by Number Answered
Your Score History
You have not taken this quiz